NBA All-Stars By Letter - T - Statistics

General Stats
  • This quiz has been taken 883 times
    823 since last reset
  • The average score is 8 of 14
Answer Stats
Players Selections Last Teams % Correct
Jayson Tatum 6 2025 Celtics
98%
Isaiah Thomas 2 2017 Celtics
93%
Isiah Thomas 12 1993 Pistons
93%
Klay Thompson 5 2019 Warriors
93%
David Thompson 4 1983 Nuggets, SuperSonics
91%
Karl-Anthony Towns 6 2026 Timberwolves, Knicks
89%
Jeff Teague 1 2015 Hawks
64%
Nate Thurmond 7 1974 Warriors
48%
Rudy Tomjanovich 5 1979 Rockets
29%
Otis Thorpe 1 1992 Rockets
26%
Reggie Theus 2 1983 Bulls
19%
Jack Twyman 6 1963 Royals
14%
Andrew Toney 2 1984 76ers
13%
Kelly Tripucka 2 1984 Pistons
10%
No matching quizzes found
Score Distribution
Percent of People with Each Score
Percentile by Number Answered
Your Score History
You have not taken this quiz since the last reset